| 000 | 01245nab a2200265 i 4500 | ||
|---|---|---|---|
| 001 | 170013 | ||
| 003 | ES-MaACL | ||
| 005 | 20250809013433.0 | ||
| 008 | 090113s1863 sp 000 0 spa d | ||
| 080 | _a339.5.012.435(460)"18" | ||
| 080 | _a339.5.012.42(460)"18" | ||
| 100 | 1 |
_aRetortillo, José Luis. _9227067 |
|
| 245 | 1 | 3 |
_aEl derecho diferencial de bandera y las ordenanzas de aduanas / _cpor José Luis Retortillo. |
| 610 | 2 | 4 |
_aAteneo de Madrid- _vConferencias- _yS.XIX. _91910 |
| 610 | 2 | 4 |
_aAteneo de Madrid- _vObras digitalizadas. _91930 |
| 650 | 7 |
_aAduanas- _zEspaña _2 _9141614 |
|
| 650 | 4 |
_aLibre cambio- _zEspaña- _yS.XIX _914422 |
|
| 650 | 4 |
_aProteccionismo- _zEspaña- _yS.XIX. _9227070 |
|
| 710 |
_a _9241681 |
||
| 773 | 0 |
_t Conferencias libre-cambistas : discursos pronunciados en el Ateneo Científico y Literario de Madrid, por varios individuos de la Asociación para la Reforma de los Aranceles de Aduanas, en el curso de 1862 a 1863, _dMadrid, 1863 (Imp. de Manuel Galiano), _gp. 273-303 _0169998 _9176671 _w169998 |
|
| 856 | 4 |
_uhttp://www.ateneodemadrid.net/biblioteca_digital/folletos/Folletos-0085.pdf _zVer documento |
|
| 942 |
_cANAM _2udc |
||
| 999 |
_c170013 _d170013 |
||